000 00873nam a2200277 i 4500
001 000031326
003 DO-SdBNP
005 20241111133537.0
007 ta
008 110620s1956 dr 000 | spa d
040 _aDO-SdBNP
_bspa
_cBNPHU
_erda
082 4 _axxx
_bD812P
_222
100 1 _aPatín Veloz, Enrique
_eautor
_93425
245 1 3 _aEl sentido masonico de la vida y la obra de Duarte /
_cEnrique Patín Veloz.
264 _aSanto Domingo :
_bLibrería Dominicana,
_c1956.
300 _a188 páginas ;
_c18 cm.
336 _ardacontent
_btexto
_2txt
337 _ardamedia
_bsin mediación
_2n
338 _ardacarrier
_bvolumen
_2nc
490 1 _aRenacimiento
500 _aIncluye referencias bibliográficas y notas al pie de las páginas.
590 _aInventariado, 2022/BT
830 0 _aRenacimiento
_939068
910 _aBTavarez
942 _2ddc
_cLBS1
999 _c30818
_d30818